000 00703cam a22001697a 4500
008 180718b2008 xxu||||| |||| 00| 0 eng d
082 _aAPPPA 2007-08/DE
100 _aDe, Pradip Kumar
245 _aA study on response of National Human Right Commission towards violation of the child rights with specific reference to child labour and the rights of elderly people
_cby Pradip Kumar De
260 _aNew Delhi
_bIndian Institute of Public Administration
_c2008
300 _a111p.
500 _aAn APPPA M.Phil dissertation, 2007-08 (Guide: J. Guha Roy)
650 _aAged - India
650 _aChildren - employment - india
650 _aChildren's rights - India
650 _aHuman rights - India
999 _c493603
_d493603